00342nam a22001337a 4500003000400000005001700004008004100021020002200062040000800084100001800092245004900110250001600159260003300175OSt20190305120148.0190305b xxu||||| |||| 00| 0 eng d a978-0-230-27479-2 cn/a aKuldeep Singh aEngineering Mathematics Through Applications a2nd edition aUSbPalgrave Macmillanc2011